El diario íntimo de Sor Juana : poemas apócrifos /
Сохранить в:
| Главный автор: | |
|---|---|
| Формат: | Неизвестно |
| Язык: | Portuguese |
| Опубликовано: |
Madrid:
Ediciones Torremozas,
2002.
|
| Редактирование: | 1. edición |
| Предметы: | |
| Метки: |
Добавить метку
Нет меток, Требуется 1-ая метка записи!
|
MARC
| LEADER | 000000000a22000000004500 | ||
|---|---|---|---|
| 001 | 001521 | ||
| 008 | 170731s1994 bl ||||| |||| 00| 0 por d | ||
| 020 | |a 8478392777 | ||
| 041 | 0 | |a Español | |
| 082 | |a V863.4 |b R969d | ||
| 100 | 1 | |a Russotto, Márgara |d 1946- | |
| 245 | 1 | 3 | |a El diario íntimo de Sor Juana : |b poemas apócrifos / |c Márgara Russotto |
| 250 | |a 1. edición | ||
| 260 | |a Madrid: |b Ediciones Torremozas, |c 2002. | ||
| 300 | |a 63 páginas | ||
| 500 | |a Número de inscripción 7717 (Colección George Yúdice) | ||
| 600 | 4 | |a JUANA INES DE LA CRUZ, SOR |d 1651-1695 | |
| 650 | 4 | |a POESIA FEMINISTA | |
| 650 | 4 | |a POESIA Y SEXUALIDAD | |
| 650 | 4 | |a LITERATURA VENEZOLANA |v POESÍA | |
| 942 | |2 ddc |c BK | ||
| 999 | |c 2513 |d 2513 | ||



